000 00585nam a2200205 i 4500
001 188100
003 SpMaBN
005 20260623174046.0
008 180430s1973 fr |||| | fre d
080 _a821.133.1-31"19"
100 1 _aMalraux, André,
_d1901-1976
_975859
245 1 3 _aLa condition humaine /
_cAndré Malraux.
250 _aÉd. rev. et corr.
260 _aParis :
_bGallimard,
_c1973.
300 _a284 p. ;
_c18 cm.
490 1 _aFolio ;
_v1
830 0 _aFolio ;
_v1
_9178839
852 _aES-MaACL
_jL-31991
_z. - Donat. Carmen Zumárraga
999 _c188100
_d188100